Statistics for THE Star Wars Quiz!

Click here to take the quiz!

General Stats

  • This quiz has been taken 16 times
  • The average score is 8 of 15

Answer Stats

QuestionsAnswer% Correct
Who is Luke and Leia's mother?Padme Amidala
100%
How many members are in the Jedi Council?12
90%
Who is Kylo Ren's father?Han Solo
90%
What is the name of Han Solo's ship?The Millennium Falcon
80%
How many years older is Padme to Anikan?5
70%
Who is Darth Tyranus also known as?Count Dooku
60%
What is the name of Chewbacca and the Wookie's home?Kashyyyk
60%
Where does Yoda live?Dagobah
50%
What is the battle armour that Boba Fett uses?Mandalorian
50%
What is Kylo Ren's real name?Ben Solo
40%
The Geonosians planned to make what secret weapon?Death Star
40%
How old is Yoda in the Phantom Menace?864
10%
What is the name of Lukes's Aunt?Beru Lars
10%
What is the name of Leia's adoptive mother?Queen Breha Organa
10%
Who do fans believe to be Anikan's father?Sheev Palpatine
10%

Score Distribution

Percentile by Number Answered

Percent of People with Each Score

Your Score History

You have not taken this quiz